| 000 | 01416nam0a2200337 4500 | ||
|---|---|---|---|
| 001 | RU\NLR\bibl\130726 | ||
| 005 | 20260406212015.0 | ||
| 010 |
_a5-7536-0064-6 _9100 |
||
| 035 | _a(NLR Aleph) 000128055 | ||
| 090 |
_a730704 _c730704 |
||
| 100 | _a20010129d2000 |||y0rusy50 ca | ||
| 101 | 0 | _arus | |
| 102 | _aRU | ||
| 105 | _ay ||||||||| | ||
| 200 | 1 |
_aАрхангельск. Расстрельные списки 1921 года _fМеждунар. ист.-просветит., правозащит. и благотвор. о-во "Мемориал" _gИзд. подгот. [подгот. текста и послесл.] Юрий Дойков |
|
| 210 |
_aАрхангельск _cБоргез _d2000 |
||
| 215 |
_a14,[1] с. _d20 |
||
| 316 |
_aС автогр. Ю. Дойкова _5NLR |
||
| 316 |
_aАвтограф _5NLR:2000-4/9427 |
||
| 606 | 0 |
_aКрасный террор _yАрхангельск, город _z1921 _92193827 _3RU\NLR\auth\661318618 |
|
| 606 | 0 |
_aБелые армии _92099242 _3RU\NLR\auth\661269810 |
|
| 686 | _aТ3(2)713-49 | ||
| 686 | _aЦ35(2)712-4,2 | ||
| 702 | 1 |
_aДойков _bЮ. В. _gЮрий В. _4220 |
|
| 711 | 0 | 2 |
_a"Мемориал", международное общество _3RU\NLR\AUTH\889969274 _9434887 |
| 801 | 0 |
_aRU _bNLR _c20010129 _gPSBO |
|
| 801 | 1 |
_aRU _bNLR _c20010129 |
|
| 852 |
_aNLR _j2000-4/9427 |
||
| 942 | _cBOOK | ||
| 980 | _aNB | ||